000
00227nam a22001097a 4500
003
OSt
008
231013b |||||||| |||| 00| 0 eng d
041
_a
mal
100
_a
Raja ,K K
_9
5524
245
_a
Smruthimadhuram
942
_c
BK
999
_c
17743
_d
17743